000 00785nam a2200277 c 4500
001 52855
003 ES-MaCES
005 20250203133331.0
008 230829s2023 sp 000 | spa d
017 _aB 5711-2023
_bDL
020 _a9788419248541
040 _aES-MaCES
_bspa
_cES-MaCES
100 1 _940754
_aCardalda, Alba
245 1 0 _aCómo mandar a la mierda de forma educada
_cAlba Cardalda
250 _a1ª ed
260 _aBarcelona
_bVergara
_c2023
300 _a283 p.
_c22 cm
541 _cCompra
650 4 _ahabilidad en comunicación
_930427
650 4 _anegociación
_930753
650 4 _arelaciones humanas
_928211
650 4 _apsicología social
_927255
653 1 0 _aCiencias Sociales-Políticas
902 _aLIB Libro
942 _2CES
_cBK
_h7.0.
999 _c52855
_d52855